Statystyki dla Państwo Afryki na literę...

Kliknij tutaj aby rozwiązać quiz!

Ogólne statystyki

  • Ten quiz został rozwiązany 49 razy
  • Średni wynik to 14 z 16

Statystyki odpowiedzi

LiteraPaństwo% Poprawnych
AAlgieria | Angola
100%
KKamerun | Kenia | Komory | Kongo
91%
MMadagaskar | Malawi | Mali | Maroko | Mauretania | Mauritius | Mozambik
91%
NNamibia | Niger | Nigeria
91%
BBenin | Botswana | Burkina Faso | Burundi
88%
EEgipt | Erytrea | Eswatini | Etiopia
88%
GGabon | Gambia | Ghana | Gwinea | Gwinea Bissau | Gwinea Równikowa
88%
LLesotho | Liberia | Libia
88%
RRepublika Południowej Afryki | Republika Środkowoafrykańska | Republika Zielonego Przylądka | Rwanda
88%
SSenegal | Seszele | Sierra Leone | Somalia | Sudan | Sudan Południowy
88%
ZZambia | Zimbabwe
88%
DDemokratyczna Republika Konga | Dżibuti
86%
UUganda
84%
CCzad
81%
TTanzania | Togo | Tunezja
81%
WWybrzeże Kości Słoniowej | Wyspy Świętego Tomasza i Książęca
77%

Rozkład punktacji

Percentyl według liczby udzielonych odpowiedzi

Procent ludzi z każdym wynikiem

Twoja historia wyników

Nie rozwiązałeś tego quizu